Ultimate country internet domain quiz - Statistics

General Stats
  • This quiz has been taken 602 times
  • The average score is 106 of 195
Answer Stats
Country Internet domain % Correct
Albania .al
97%
Afghanistan .af
96%
Australia .au
81%
Andorra .ad
79%
Argentina .ar
79%
Azerbaijan .az
77%
Armenia .am
76%
Austria .at
75%
Brazil .br
75%
Bahrain .bh
74%
Belgium .be
73%
Bulgaria .bg
71%
Bolivia .bo
71%
Belize .bz
70%
Canada .ca
70%
Botswana .bw
69%
Colombia .co
69%
Burkina Faso .bf
68%
Bahamas .bs
68%
France .fr
68%
Bangladesh .bd
67%
Czech Republic .cz
67%
Germany .de
67%
Denmark .dk
67%
Barbados .bb
66%
Cuba .cu
66%
Egypt .eg
66%
Finland .fi
66%
Greece .gr
66%
Chile .cl
65%
Costa Rica .cr
65%
Cyprus .cy
65%
Italy .it
65%
Japan .jp
65%
Laos .la
65%
Luxembourg .lu
65%
Latvia .lv
65%
Bhutan .bt
64%
Ecuador .ec
64%
Georgia .ge
64%
India .in
64%
Iraq .iq
64%
Iran .ir
64%
Lithuania .lt
64%
Mexico .mx
64%
New Zealand .nz
64%
Poland .pl
64%
Angola .ao
63%
China .cn
63%
Cape Verde .cv
63%
Ghana .gh
63%
Hungary .hu
63%
Jordan .jo
63%
Kenya .ke
63%
Kuwait .kw
63%
Kazakhstan .kz
63%
Malta .mt
63%
Portugal .pt
63%
Russia .ru
63%
Brunei .bn
62%
Gabon .ga
62%
Gambia .gm
62%
Indonesia .id
62%
Jamaica .jm
62%
Lebanon .lb
62%
Liechtenstein .li
62%
Madagascar .mg
62%
Norway .no
62%
Philippines .ph
62%
Pakistan .pk
62%
Qatar .qa
62%
Djibouti .dj
61%
Fiji .fj
61%
Kiribati .ki
61%
Lesotho .ls
61%
Mali .ml
61%
Malawi .mw
61%
Malaysia .my
61%
Romania .ro
61%
Libya .ly
60%
Nepal .np
60%
Oman .om
60%
Peru .pe
60%
Dominica .dm
59%
Israel .il
59%
Nigeria .ng
59%
Rwanda .rw
59%
Cameroon .cm
58%
Ethiopia .et
58%
Haiti .ht
58%
Kyrgyzstan .kg
58%
Monaco .mc
58%
Moldova .md
58%
Namibia .na
58%
Nicaragua .ni
58%
Panama .pa
58%
Slovakia .sk
58%
Spain .es
57%
Ireland .ie
57%
Maldives .mv
57%
Nauru .nr
57%
Burundi .bi
56%
Cote d'Ivoire .ci
56%
Mozambique .mz
56%
Netherlands .nl
56%
Paraguay .py
56%
San Marino .sm
56%
United Kingdom .uk
56%
Eritrea .er
55%
Guatemala .gt
55%
Guyana .gy
55%
Honduras .hn
55%
Liberia .lr
55%
Niger .ne
55%
Saudi Arabia .sa
55%
Sweden .se
55%
Singapore .sg
55%
Thailand .th
55%
United States .us
55%
Grenada .gd
54%
Dominican Republic .do
53%
Guinea .gn
53%
Mongolia .mn
53%
Papua New Guinea .pg
53%
Syria .sy
53%
Togo .tg
53%
Taiwan .tw
53%
Mauritius .mu
52%
Senegal .sn
52%
Tuvalu .tv
52%
Sierra Leone .sl
51%
Tajikistan .tj
51%
Tunisia .tn
51%
Tanzania .tz
51%
Uganda .ug
51%
Uzbekistan .uz
51%
Venezuela .ve
51%
Yemen .ye
51%
Bosnia and Herzegovina .ba
50%
South Sudan .ss
50%
Turkey .tr
50%
Montenegro .me
49%
Sudan .sd
49%
Somalia .so
49%
Tonga .to
49%
Trinidad and Tobago .tt
49%
Uruguay .uy
49%
Vietnam .vn
49%
Zambia .zm
49%
Antigua and Barbuda .ag
48%
Mauritania .mr
48%
Seychelles .sc
48%
Slovenia .si
48%
Vatican City .va
48%
Saint Kitts and Nevis .kn
47%
São Tomé and Príncipe .st
47%
Turkmenistan .tm
47%
Ukraine .ua
46%
Zimbabwe .zw
46%
Iceland .is
45%
Swaziland .sz
45%
Marshall Islands .mh
44%
Suriname .sr
44%
Vanuatu .vu
43%
Croatia .hr
40%
United Arab Emirates .ae
39%
Switzerland .ch
39%
Estonia .ee
39%
El Salvador .sv
39%
Saint Lucia .lc
38%
East Timor .tl
38%
Republic of the Congo .cg
37%
Burma .mm
37%
South Africa .za
37%
South Korea .kr
36%
Central African Republic .cf
31%
Belarus .by
30%
Sri Lanka .lk
27%
Morocco .ma
27%
Serbia .rs
26%
Algeria .dz
25%
Micronesia .fm
25%
North Macedonia .mk
25%
Saint Vincent and the Grenadines .vc
25%
Cambodia .kh
24%
Democratic Republic of the Congo .cd
19%
Equatorial Guinea .gq
19%
Chad .td
19%
North Korea .kp
16%
Benin .bj
15%
Comoros .km
14%
Palau .pw
11%
Samoa .ws
11%
Guinea-Bissau .gw
10%
Solomon Islands .sb
7%
No matching quizzes found
Score Distribution
Percent of People with Each Score
Percentile by Number Answered
Your Score History
You have not taken this quiz